[Event "Sanxenxo Carlos op 9th"]
[Site "Sanxenxo"]
[Date "2017.06.23"]
[Round "7"]
[White "Trigo Urquijo, Sergio"]
[Black "Perez Pacheco, Ricardo"]
[Result "0-1"]
[WhiteElo "2403"]
[BlackElo "2210"]
[PlyCount "72"]
[EventDate "2017.06.17"]
[EventType "swiss"]
[EventRounds "9"]
[EventCountry "ESP"]
[SourceTitle "CBM 179 Extra"]
[Source "ChessBase"]
[SourceDate "2017.08.23"]
[SourceVersion "1"]
[SourceVersionDate "2017.08.23"]
[SourceQuality "1"]

1. d4 d5 2. c4 e6 3. Nc3 c6 4. e3 f5 5. Bd3 Nf6 6. Nge2 Bd6 7. f3 0-0 8. 0-0 Qe7 9. Bd2 dxc4 10. Bxc4 Kh8 11. Qc2 Nbd7 12. Rae1 b5 13. Bb3 a5 14. a3 b4 15. axb4 axb4 16. Na4 Ba6 17. Rf2 Bb5 18. Nf4 Nd5 19. Nd3 e5 20. dxe5 Nxe5 21. Nf4 Qa7 22. Bxd5 cxd5 23. b3 Bxa4 24. bxa4 Qxa4 25. Qb1 Qb5 26. Rd1 Nc4 27. Ne6 Rf6 28. Nd4 Qb6 29. Nxf5 Bc5 30. Nd4 Re8 31. Qb3 Rf4 32. Nc2 Nxd2 33. Qa4 Nxf3+ 34. gxf3 Rff8 35. Qb3 Bxe3 36. Nxe3 Rxe3 0-1

[Event "Sanxenxo Carlos op 9th"]
[Site "Sanxenxo"]
[Date "2017.06.22"]
[Round "6"]
[White "Perez Pacheco, Ricardo"]
[Black "Torres Dominguez, David"]
[Result "1-0"]
[WhiteElo "2210"]
[BlackElo "2056"]
[PlyCount "79"]
[EventDate "2017.06.17"]
[EventType "swiss"]
[EventRounds "9"]
[EventCountry "ESP"]
[SourceTitle "CBM 179 Extra"]
[Source "ChessBase"]
[SourceDate "2017.08.23"]
[SourceVersion "1"]
[SourceVersionDate "2017.08.23"]
[SourceQuality "1"]

1. e4 e5 2. Nf3 Nc6 3. Bb5 Nge7 4. c3 g6 5. d4 Bg7 6. 0-0 0-0 7. dxe5 Nxe5 8. Nxe5 Bxe5 9. Bh6 Re8 10. f4 Bh8 11. Bc4 d5 12. Bxd5 Nxd5 13. exd5 c6 14. Na3 Qb6+ 15. Rf2 Rd8 16. Qe2 cxd5 17. Bg5 f6 18. Bh4 Bf5 19. Rd1 a6 20. Qd2 Be4 21. Qd4 Qc6 22. Rfd2 f5 23. Qb4 Re8 24. Bf2 Qc7 25. Nc2 Qxf4 26. Rxd5 Qg5 27. Ne3 Bg7 28. h4 Qe7 29. Rc5 Bc6 30. Nd5 Qe2 31. Qb3 Kh8 32. Nc7 Qe4 33. Rxc6 Qxc6 34. Nxa8 Rxa8 35. Bd4 Re8 36. Qf7 Bxd4+ 37. Rxd4 a5 38. h5 b5 39. h6 Rg8 40. Rd7 1-0

[Event "Arrecife de Lanzarote op"]
[Site "Arrecife de Lanzarote"]
[Date "2017.06.15"]
[Round "8"]
[White "Perez Pacheco, Ricardo"]
[Black "Rodriguez Redondo, Ethan"]
[Result "1-0"]
[WhiteElo "2210"]
[BlackElo "1847"]
[PlyCount "105"]
[EventDate "2017.06.11"]
[EventType "swiss"]
[EventRounds "9"]
[EventCountry "ESP"]
[SourceTitle "EXT 2019"]
[Source "ChessBase"]
[SourceDate "2018.10.10"]
[SourceVersion "1"]
[SourceVersionDate "2018.10.10"]
[SourceQuality "1"]

1. e4 c5 2. Nf3 e6 3. d4 cxd4 4. Nxd4 Nc6 5. Nc3 Qc7 6. g3 a6 7. Bg2 Nf6 8. 0-0 Be7 9. Re1 Nxd4 10. Qxd4 d6 11. Bg5 Rb8 12. a4 b6 13. Be3 h5 14. h3 Nd7 15. Qd2 Bb7 16. f4 Rc8 17. Bd4 e5 18. Bf2 Nc5 19. Nd5 Bxd5 20. exd5 exf4 21. Qxf4 Kf8 22. Bd4 Rh6 23. Qf5 Qd7 24. Qxd7 Nxd7 25. Bxg7+ Kxg7 26. Rxe7 Ne5 27. c3 Rg6 28. Kh2 Kh8 29. Rf1 Rc4 30. Rf4 Kg7 31. Rb7 Rf6 32. Rxf6 Kxf6 33. Rxb6 Rxa4 34. Rxd6+ Ke7 35. Rb6 Ra2 36. Bf1 a5 37. g4 hxg4 38. hxg4 Nxg4+ 39. Kg3 Ne3 40. d6+ Ke6 41. Bd3 Ra1 42. Kf3 Nd5 43. Bc4 Rd1 44. Ke2 Ke5 45. Rb5 Kxd6 46. Kxd1 Ne3+ 47. Kc1 Nxc4 48. b3 Ne5 49. Rxa5 f5 50. Kd2 f4 51. Rxe5 Kxe5 52. Ke2 Ke4 53. b4 1-0

[Event "Arrecife de Lanzarote op"]
[Site "Arrecife de Lanzarote"]
[Date "2017.06.11"]
[Round "1"]
[White "Martinez Morales, Raul"]
[Black "Perez Pacheco, Ricardo"]
[Result "0-1"]
[WhiteElo "1559"]
[BlackElo "2210"]
[PlyCount "138"]
[EventDate "2017.06.11"]
[EventType "swiss"]
[EventRounds "9"]
[EventCountry "ESP"]
[SourceTitle "EXT 2019"]
[Source "ChessBase"]
[SourceDate "2018.10.10"]
[SourceVersion "1"]
[SourceVersionDate "2018.10.10"]
[SourceQuality "1"]

1. e4 c5 2. Nf3 Nc6 3. d4 cxd4 4. Nxd4 Nf6 5. Nc3 d6 6. Bc4 Bd7 7. Bg5 e6 8. Bb3 a6 9. 0-0 Be7 10. Kh1 Rc8 11. f3 0-0 12. a3 b5 13. Qd2 Nxe4 14. Nxe4 Bxg5 15. Nxc6 Bxd2 16. Nxd8 Bf4 17. Nb7 d5 18. Ng3 Rc7 19. Na5 Be3 20. Ba2 Rxc2 21. b4 Rfc8 22. Bb1 Rc1 23. Bd3 R1c3 24. Rfd1 g6 25. Ne2 R3c7 26. g3 e5 27. Nb3 f5 28. Nc5 Bxc5 29. bxc5 Rxc5 30. Rac1 Kf7 31. Bb1 Ke6 32. Ba2 Kd6 33. Rxc5 Rxc5 34. Rc1 d4 35. Kg2 d3 36. Rxc5 Kxc5 37. Nc3 b4 38. axb4+ Kxb4 39. Nb1 f4 40. Kf2 Bc6 41. Bg8 h6 42. Bh7 Be8 43. Bg8 Bc6 44. Bh7 Be8 45. Bg8 Kc5 46. Nd2 Kd4 47. Bc4 Bb5 48. Bf7 g5 49. h4 fxg3+ 50. Kxg3 gxh4+ 51. Kf2 h3 52. Bh5 Kc3 53. Ne4+ Kc2 54. Kg3 d2 55. Nxd2 Kxd2 56. Kxh3 a5 57. Kg4 Bd7+ 58. Kg3 a4 59. Bf7 a3 60. Kh4 Kc3 61. Kh5 Be8 62. Bxe8 a2 63. Kxh6 a1Q 64. Bg6 Qh1+ 65. Bh5 Kd4 66. Kg5 Qh2 67. Bg4 Qf4+ 68. Kh4 Ke3 69. Kh5 Qxf3 0-1

[Event "San Sebastian op 40th"]
[Site "San Sebastian"]
[Date "2017.04.13"]
[Round "7"]
[White "Perez Pacheco, Ricardo"]
[Black "Urriza Iricibar, Pablo"]
[Result "1/2-1/2"]
[WhiteElo "2192"]
[BlackElo "2228"]
[PlyCount "57"]
[EventDate "2017.04.08"]
[EventType "swiss"]
[EventRounds "9"]
[EventCountry "ESP"]
[SourceTitle "CBM 177 Extra"]
[Source "ChessBase"]
[SourceDate "2017.04.27"]
[SourceVersion "1"]
[SourceVersionDate "2017.04.27"]
[SourceQuality "1"]

1. e4 e6 2. d4 d5 3. Nd2 Nc6 4. Ngf3 Nf6 5. e5 Nd7 6. Nb3 a5 7. a4 Be7 8. Bb5 Na7 9. Bd3 b6 10. 0-0 c5 11. c4 Bb7 12. Bf4 0-0 13. Rc1 Rc8 14. Re1 Bc6 15. Nbd2 cxd4 16. Nxd4 Nc5 17. Bc2 dxc4 18. Nxc6 Nxc6 19. Nxc4 Nb4 20. Nd6 Bxd6 21. exd6 Nxc2 22. Qxc2 Qd7 23. Qd1 Rfd8 24. b3 f6 25. Re2 e5 26. Be3 Qxd6 27. Rd2 Qe7 28. Bxc5 bxc5 29. Rxc5 1/2-1/2

[Event "San Sebastian op 40th"]
[Site "San Sebastian"]
[Date "2017.04.09"]
[Round "3"]
[White "Perez Pacheco, Ricardo"]
[Black "Lopez Martinez, Josep Manuel"]
[Result "0-1"]
[WhiteElo "2192"]
[BlackElo "2583"]
[PlyCount "92"]
[EventDate "2017.04.08"]
[EventType "swiss"]
[EventRounds "9"]
[EventCountry "ESP"]
[SourceTitle "CBM 177 Extra"]
[Source "ChessBase"]
[SourceDate "2017.04.27"]
[SourceVersion "1"]
[SourceVersionDate "2017.04.27"]
[SourceQuality "1"]

1. e4 c6 2. d4 d5 3. Nc3 dxe4 4. Nxe4 Bf5 5. Ng3 Bg6 6. h4 h6 7. Nf3 e6 8. h5 Bh7 9. Bd3 Bxd3 10. Qxd3 Nf6 11. Bd2 c5 12. 0-0-0 Nc6 13. Be3 Qa5 14. Kb1 Be7 15. dxc5 Bxc5 16. Ne4 Nxe4 17. Qxe4 Bxe3 18. Qxe3 Rd8 19. g4 Rxd1+ 20. Rxd1 0-0 21. a3 Rd8 22. Rd3 Rd5 23. Qe4 Rd8 24. Qc4 Qb6 25. Rxd8+ Qxd8 26. Kc1 Qd6 27. c3 Kf8 28. Kc2 Ke7 29. b4 Kf6 30. Qe4 Qd5 31. Qxd5 exd5 32. Kd3 Ne5+ 33. Nxe5 Kxe5 34. a4 Kf4 35. Kd4 Kxg4 36. Kxd5 g6 37. c4 gxh5 38. f3+ Kxf3 39. c5 h4 40. b5 h3 41. c6 bxc6+ 42. bxc6 h2 43. c7 h1Q 44. c8Q Qd1+ 45. Ke5 Qe2+ 46. Kd4 Qe3+ 0-1

[Event "Paz de Ziganda op 27th"]
[Site "Villava"]
[Date "2017.03.18"]
[Round "3"]
[White "Perez Pacheco, Ricardo"]
[Black "Del Rio de Angelis, Salvador Gabriel"]
[Result "0-1"]
[WhiteElo "2177"]
[BlackElo "2514"]
[PlyCount "56"]
[EventDate "2017.03.18"]
[EventType "swiss (rapid)"]
[EventRounds "9"]
[EventCountry "ESP"]
[SourceTitle "CBM 177 Extra"]
[Source "ChessBase"]
[SourceDate "2017.04.27"]
[SourceVersion "1"]
[SourceVersionDate "2017.04.27"]
[SourceQuality "1"]

1. e4 e6 2. d4 d5 3. Nd2 dxe4 4. Nxe4 Nd7 5. Nf3 Ngf6 6. Bd3 c5 7. Nxf6+ Nxf6 8. Bg5 Be7 9. 0-0 cxd4 10. Nxd4 0-0 11. Nf3 Qb6 12. Qe2 Rd8 13. c3 Bd7 14. Ne5 Be8 15. Rad1 h6 16. Bh4 Rd5 17. Bc4 Rxd1 18. Rxd1 Rd8 19. Rd3 Qa5 20. Rg3 Kf8 21. Rf3 Bc6 22. Nxf7 Bxf3 23. gxf3 Rc8 24. Qxe6 Rc6 25. Nd6 Qh5 26. Bxf6 Qg6+ 27. Kf1 gxf6 28. Qd7 Rxd6 0-1

[Event "Euskadi-ch"]
[Site "Zornotza"]
[Date "2016.03.29"]
[Round "2"]
[White "Astasio Lopez, David"]
[Black "Perez Pacheco, Ricardo"]
[Result "1-0"]
[WhiteElo "2399"]
[BlackElo "2141"]
[PlyCount "61"]
[EventDate "2016.03.28"]
[EventType "swiss"]
[EventRounds "7"]
[EventCountry "ESP"]
[SourceTitle "EXT 2018"]
[Source "ChessBase"]
[SourceDate "2017.10.13"]
[SourceVersion "1"]
[SourceVersionDate "2017.10.13"]
[SourceQuality "1"]

1. d4 Nf6 2. Nf3 e6 3. Bf4 b6 4. h3 Bb7 5. e3 Be7 6. Bd3 Ne4 7. c4 f5 8. Qc2 0-0 9. 0-0 d6 10. Nbd2 Nxd2 11. Nxd2 Nd7 12. Bh2 Nf6 13. Rfe1 c5 14. a3 Qc7 15. Rad1 g6 16. e4 cxd4 17. exf5 exf5 18. Nb3 Ne4 19. Nxd4 Rfc8 20. b4 Qd7 21. f3 Nf6 22. Qd2 d5 23. cxd5 Bxd5 24. Be5 a5 25. Bxf5 gxf5 26. Qg5+ Kf7 27. Nxf5 Rg8 28. Nh6+ Ke8 29. Nxg8 Nxg8 30. Qh5+ Kf8 31. Rxd5 1-0

[Event "San Sebastian op 39th"]
[Site "San Sebastian"]
[Date "2016.03.26"]
[Round "9"]
[White "Mercado Larrea, Adrian"]
[Black "Perez Pacheco, Ricardo"]
[Result "0-1"]
[WhiteElo "2007"]
[BlackElo "2141"]
[PlyCount "80"]
[EventDate "2016.03.19"]
[EventType "swiss"]
[EventRounds "9"]
[EventCountry "ESP"]
[SourceTitle "CBM 171 Extra"]
[Source "ChessBase"]
[SourceDate "2016.04.26"]
[SourceVersion "1"]
[SourceVersionDate "2016.04.26"]
[SourceQuality "1"]

1. e4 c5 2. Nc3 Nc6 3. g3 g6 4. Bg2 Bg7 5. d3 d6 6. f4 e6 7. Nf3 Nge7 8. 0-0 0-0 9. Be3 b6 10. d4 Ba6 11. Rf2 Rc8 12. a4 Na5 13. Nb5 Nc4 14. Qc1 Bb7 15. Bf1 Nxe3 16. Qxe3 a6 17. Nc3 Qc7 18. Rd2 Rfd8 19. g4 cxd4 20. Nxd4 Nc6 21. Nce2 Nxd4 22. Nxd4 Qc5 23. c3 e5 24. Nc2 exf4 25. Qxc5 dxc5 26. Rad1 Bf6 27. Bg2 Rxd2 28. Rxd2 Rd8 29. Rxd8+ Bxd8 30. Na3 Bc6 31. b3 b5 32. axb5 axb5 33. c4 b4 34. Nb5 Kf8 35. Kf2 Ke7 36. Bf3 Ke6 37. Ke2 Ke5 38. Kd3 f5 39. gxf5 gxf5 40. Na7 fxe4+ 0-1

[Event "San Sebastian op 39th"]
[Site "San Sebastian"]
[Date "2016.03.22"]
[Round "5"]
[White "Perez Pacheco, Ricardo"]
[Black "Pogorelov, Ruslan"]
[Result "1-0"]
[WhiteElo "2141"]
[BlackElo "2347"]
[PlyCount "84"]
[EventDate "2016.03.19"]
[EventType "swiss"]
[EventRounds "9"]
[EventCountry "ESP"]
[SourceTitle "CBM 171 Extra"]
[Source "ChessBase"]
[SourceDate "2016.04.26"]
[SourceVersion "1"]
[SourceVersionDate "2016.04.26"]
[SourceQuality "1"]

1. e4 c5 2. Nf3 Nc6 3. d4 cxd4 4. Nxd4 Qc7 5. Nc3 e6 6. Be3 a6 7. Qf3 Nf6 8. 0-0-0 Bb4 9. Nxc6 bxc6 10. Bd4 Bd6 11. Na4 Be5 12. Nb6 Rb8 13. Bxe5 Qxe5 14. Nc4 Qg5+ 15. Rd2 0-0 16. e5 Nd5 17. h4 Qe7 18. Bd3 a5 19. Nd6 f6 20. Qe4 f5 21. Qf3 Bb7 22. c4 Nb4 23. Bb1 Ba8 24. Qe3 c5 25. f3 Na6 26. h5 Bc6 27. Rg1 Qh4 28. g4 fxg4 29. Rxg4 Qh1+ 30. Rd1 Qxd1+ 31. Kxd1 Bxf3+ 32. Ke1 Bxg4 33. Qd3 Bf5 34. Nxf5 exf5 35. Qxd7 Rbe8 36. e6 Rd8 37. Qb7 Nb8 38. Bc2 Rde8 39. Qd5 Re7 40. Bxf5 Nd7 41. Kd1 Nf6 42. Qxc5 Rd8+ 1-0

[Event "San Sebastian op 39th"]
[Site "San Sebastian"]
[Date "2016.03.20"]
[Round "3"]
[White "Perez Pacheco, Ricardo"]
[Black "Tratar, Marko"]
[Result "0-1"]
[WhiteElo "2141"]
[BlackElo "2471"]
[PlyCount "130"]
[EventDate "2016.03.19"]
[EventType "swiss"]
[EventRounds "9"]
[EventCountry "ESP"]
[SourceTitle "CBM 171 Extra"]
[Source "ChessBase"]
[SourceDate "2016.04.26"]
[SourceVersion "1"]
[SourceVersionDate "2016.04.26"]
[SourceQuality "1"]

1. e4 e6 2. d4 d5 3. Nd2 a6 4. Ngf3 c5 5. exd5 exd5 6. Be2 c4 7. b3 cxb3 8. axb3 Nc6 9. 0-0 Bd6 10. Re1 Nge7 11. Nf1 0-0 12. Ne3 h6 13. c4 Be6 14. Bd2 Bc7 15. Bc3 Qd7 16. Qd2 Rad8 17. Rad1 f6 18. Bf1 Bf7 19. Rb1 Rfe8 20. g3 Kh8 21. Bg2 Be6 22. Rbd1 Qc8 23. Qb2 Rf8 24. Rd2 Kg8 25. Rc1 Rd7 26. Rcd1 b5 27. cxb5 axb5 28. b4 Nf5 29. Re2 Nd6 30. Ne1 Ne7 31. Nd3 Bf7 32. Nc5 Rdd8 33. Rde1 Rfe8 34. Rc1 Nc4 35. Nxc4 dxc4 36. Rce1 Nd5 37. f4 Rxe2 38. Rxe2 Re8 39. Be1 c3 40. Rxe8+ Qxe8 41. Qf2 Nxb4 42. Bxc3 Nd5 43. Bd2 Bd6 44. Qe1 Qxe1+ 45. Bxe1 Kf8 46. Bf1 Be8 47. Kf2 f5 48. Bd3 g6 49. Ke2 Ke7 50. Kd2 Bc6 51. Bf2 Nf6 52. Kc3 Ne4+ 53. Nxe4 fxe4 54. d5 b4+ 55. Kd2 Bxd5 56. Bb1 Kd7 57. Bd4 b3 58. Ke3 Ba3 59. g4 Bc1+ 60. Ke2 Bxf4 61. h4 Ke6 62. Bf2 Bc4+ 63. Ke1 Bd3 64. Bxd3 exd3 65. Bd4 Kd5 0-1

[Event "Alzira Christmas 5th"]
[Site "Alzira"]
[Date "2015.12.28"]
[Round "2.6"]
[White "Perez Pacheco, Ricardo"]
[Black "Albuixec Sanz, Jorge"]
[Result "1-0"]
[WhiteElo "2136"]
[BlackElo "1819"]
[PlyCount "125"]
[EventDate "2015.12.28"]
[EventType "swiss"]
[EventRounds "7"]
[EventCountry "ESP"]
[SourceTitle "EXT 2024"]
[Source "ChessBase"]
[SourceDate "2023.10.10"]
[SourceVersion "1"]
[SourceVersionDate "2023.10.10"]
[SourceQuality "1"]

1. e4 e5 2. Nf3 Nc6 3. Nc3 Nf6 4. d4 exd4 5. Nd5 Nxd5 6. exd5 Bb4+ 7. Bd2 Qe7+ 8. Qe2 Bxd2+ 9. Kxd2 d3 10. Qxe7+ Nxe7 11. c4 0-0 12. Bxd3 d6 13. Rhe1 Ng6 14. Nd4 Bd7 15. Bxg6 fxg6 16. f3 Rae8 17. b4 Kf7 18. Re4 a6 19. Rae1 Rxe4 20. fxe4 Ke7 21. Ke3 a5 22. bxa5 Ra8 23. Nb3 Ba4 24. Rb1 Kd7 25. Rf1 Ke7 26. Rb1 Kd7 27. Nd4 Rxa5 28. Rxb7 Kc8 29. Rb2 Bd7 30. Nb3 Ra3 31. Kd4 c5+ 32. dxc6 Bxc6 33. e5 dxe5+ 34. Kxe5 Kc7 35. Rf2 Ra8 36. Kd4 Kd6 37. Kc3 Ra7 38. Nd4 Bd7 39. Nb5+ Bxb5 40. cxb5 Kc5 41. Rb2 Ra3+ 42. Kc2 Kb6 43. Kb1 Ra5 44. Kc2 Ra3 45. Kb1 Ra5 46. Rb3 h6 47. Kb2 g5 48. a3 Ra7 49. Kc3 Re7 50. Kd3 Rf7 51. Ke3 Rf4 52. Rb4 Rf5 53. a4 Re5+ 54. Re4 Rc5 55. Re6+ Ka5 56. Ra6+ Kb4 57. b6 Rc8 58. a5 Rc3+ 59. Kf2 Rc2+ 60. Kf3 Rc3+ 61. Ke4 Rc8 62. Ra7 Kb5 63. b7 1-0

[Event "ESP-ch U18"]
[Site "Salobrena"]
[Date "2015.07.31"]
[Round "8"]
[White "Bernabeu Lopez, Carlos Javier"]
[Black "Perez Pacheco, Ricardo"]
[Result "1-0"]
[WhiteElo "2142"]
[BlackElo "2033"]
[PlyCount "81"]
[EventDate "2015.07.27"]
[EventType "swiss"]
[EventRounds "9"]
[EventCountry "ESP"]
[SourceTitle "EXT 2016"]
[Source "ChessBase"]
[SourceDate "2015.10.08"]
[SourceVersion "1"]
[SourceVersionDate "2015.10.08"]
[SourceQuality "1"]

1. e4 c5 2. Nf3 Nc6 3. Bb5 g6 4. 0-0 Bg7 5. Re1 Nf6 6. Nc3 d6 7. e5 dxe5 8. Nxe5 Bd7 9. Bxc6 Bxc6 10. Nxc6 bxc6 11. Qf3 Rc8 12. Qe3 Qd6 13. Ne4 Nxe4 14. Qxe4 e6 15. d3 Qd5 16. Qa4 0-0 17. Rb1 Rb8 18. b3 Bc3 19. Re4 a5 20. Qc4 Bd4 21. Bd2 Qxc4 22. dxc4 Ra8 23. a4 Rfd8 24. Bf4 Ra7 25. Kf1 Kf8 26. Rd1 Rad7 27. Rd3 Ke7 28. Re1 Bf6 29. Rxd7+ Rxd7 30. Ke2 Bd4 31. Rd1 f6 32. Bd2 Ra7 33. f4 f5 34. c3 Bf6 35. Be3 Rb7 36. Bxc5+ Kf7 37. b4 Bxc3 38. b5 cxb5 39. cxb5 Rc7 40. b6 Rb7 41. Kd3 1-0

[Event "San Sebastian op 38th"]
[Site "San Sebastian"]
[Date "2015.04.01"]
[Round "6"]
[White "Perez Pacheco, Ricardo"]
[Black "Prieto Aranguren, Alain"]
[Result "1/2-1/2"]
[WhiteElo "2058"]
[BlackElo "2216"]
[PlyCount "87"]
[EventDate "2015.03.28"]
[EventType "swiss"]
[EventRounds "9"]
[EventCountry "ESP"]
[SourceTitle "CBM 165 Extra"]
[Source "ChessBase"]
[SourceDate "2015.04.21"]
[SourceVersion "1"]
[SourceVersionDate "2015.04.21"]
[SourceQuality "1"]

1. e4 c6 2. d4 d5 3. Nc3 dxe4 4. Nxe4 Nd7 5. Ng5 Ngf6 6. Bd3 e6 7. Qe2 Bd6 8. N1f3 h6 9. Ne4 Nxe4 10. Bxe4 Nf6 11. Bd3 Qc7 12. Bd2 b6 13. 0-0-0 Bb7 14. Kb1 0-0-0 15. c4 c5 16. Bc3 Qe7 17. Rhe1 Rhe8 18. g3 cxd4 19. Nxd4 Bc5 20. Bc2 Bb4 21. Bxb4 Qxb4 22. f4 Qc5 23. Nb5 a6 24. Nc3 Rxd1+ 25. Rxd1 Rd8 26. b3 Rxd1+ 27. Nxd1 Qg1 28. Qf2 Qxf2 29. Nxf2 Kc7 30. Kc1 Kd6 31. Kd2 g5 32. Ke3 b5 33. Kd4 gxf4 34. gxf4 bxc4 35. bxc4 Nh5 36. c5+ Ke7 37. Nd3 Nf6 38. Ne5 Nd5 39. Be4 f6 40. Nc4 Bc6 41. Na5 Ba8 42. Nc4 Bc6 43. Na5 Ba8 44. Nc4 1/2-1/2